| 000 | 00496nam a2200193 a 4500 | ||
|---|---|---|---|
| 001 | 1758096254001 | ||
| 003 | ACL | ||
| 005 | 20250917133613.0 | ||
| 008 | 250917s2009##################000#0#eng## | ||
| 020 | _a9780520258679 | ||
| 082 | 0 | 4 |
_a791.4575 _bNAC |
| 100 | 1 |
_aNachman, Gerald, _eauthor. |
|
| 245 | 1 | 0 | _aRight Here on Our Stage Tonight! : |
| 260 |
_bUniv of California Press, _c2009. |
||
| 300 | _a455 pages | ||
| 650 | 0 | _aPerforming Arts. | |
| 942 | _cENGLISH | ||
| 040 |
_aACL _beng _cACL |
||
| 999 |
_c587666 _d587666 |
||